| 000 | 02237nam a2200373 a 4500 | ||
|---|---|---|---|
| 001 | ebr10439333 | ||
| 003 | CaPaEBR | ||
| 006 | m u | ||
| 007 | cr cn||||||||| | ||
| 008 | 090505s2009 ne sb 010 0 eng d | ||
| 010 | _z 2009018857 | ||
| 020 | _z9789004178502 (pbk. : alk. paper) | ||
| 020 | _z9004178503 (pbk. : alk. paper) | ||
| 020 | _z9789047440857 (e-book) | ||
| 040 |
_aCaPaEBR _cCaPaEBR |
||
| 035 | _a(OCoLC)695988838 | ||
| 050 | 1 | 4 |
_aB765.O364 _bG47 2009eb |
| 082 | 0 | 4 |
_a189/.4 _222 |
| 245 | 0 | 0 |
_aGerald Odonis, Doctor Moralis and Franciscan minister general _h[electronic resource] : _bstudies in honour of L.M. de Rijk / _cedited by William Duba & Chris Schabel. |
| 260 |
_aLeiden ; _aBoston : _bBrill, _c2009. |
||
| 300 | _aix, 227 p. | ||
| 500 | _a"Also published as volume 47, no. 2-3 (2009) of Brill's journal Vivarium."--T.p. verso. | ||
| 504 | _aIncludes bibliographical references. | ||
| 505 | 0 | _aIntroduction / William Duba and Chris Schabel -- Gerald Odonis' Economics treatise / Giovanni Ceccarelli and Sylvain Piron -- Gerald Odonis' Tractatus de suppositionibus : what is Suppositio communicabilis? / Stephen F. Brown -- Gerald Odonis on the notion of esse tertio adiacens / Joke Spruyt -- Gerald Odonis' Commentary on the ethics : a discussion of the manuscripts and general survey / Camarin Porter -- Locus est spatium : on Gerald Odonis' Quaestio de loco / Paul J.J.M. Bakker and Sander W. de Boer -- Gerald Odonis on the plurality of worlds / Chris Schabel -- The beatic vision in the Sentences commentary of Gerald Odonis / William Duba -- Letters and politics : Gerald Odonis vs. Francis of Marchia / Roberto Lambertini. | |
| 533 |
_aElectronic reproduction. _bPalo Alto, Calif. : _cebrary, _d2013. _nAvailable via World Wide Web. _nAccess may be limited to ebrary affiliated libraries. |
||
| 600 | 1 | 0 |
_aOdonis, Gerald, _dca. 1285-1348. |
| 655 | 7 |
_aElectronic books. _2local |
|
| 700 | 1 | _aRijk, Lambertus Marie de. | |
| 700 | 1 | _aDuba, William. | |
| 700 | 1 | _aSchabel, Christopher David. | |
| 710 | 2 | _aebrary, Inc. | |
| 730 | 0 | _aVivarium. | |
| 856 | 4 | 0 |
_uhttp://site.ebrary.com/lib/rucke/Doc?id=10439333 _zAn electronic book accessible through the World Wide Web; click to view |
| 999 |
_c245138 _d245138 |
||